101 câu hỏi thường gặp trong sản xuất nông nghiệp; T4 Sâu bệnh hại cây trồng - Cách phòng trị
Spremljeno u:
| Glavni autor: | |
|---|---|
| Format: | Knjiga |
| Jezik: | Undetermined |
| Izdano: |
Tp. HCM
Trẻ
2000
|
| Teme: | |
| Oznake: |
Dodaj oznaku
Bez oznaka, Budi prvi tko označuje ovaj zapis!
|
| Thư viện lưu trữ: | Trung tâm Học liệu Trường Đại học Cần Thơ |
|---|
| LEADER | 00654nam a2200205Ia 4500 | ||
|---|---|---|---|
| 001 | CTU_36440 | ||
| 008 | 210402s9999 xx 000 0 und d | ||
| 082 | |a 630 | ||
| 082 | |b K600/T4 | ||
| 100 | |a Trần Văn Hòa...[et al.] | ||
| 245 | 0 | |a 101 câu hỏi thường gặp trong sản xuất nông nghiệp; T4 | |
| 245 | 0 | |b Sâu bệnh hại cây trồng - Cách phòng trị | |
| 245 | 0 | |c Trần Văn Hòa...[et al.] | |
| 260 | |a Tp. HCM | ||
| 260 | |b Trẻ | ||
| 260 | |c 2000 | ||
| 650 | |a fruit trees,plants | ||
| 650 | |x diseases and pests | ||
| 904 | |i Minh | ||
| 980 | |a Trung tâm Học liệu Trường Đại học Cần Thơ | ||